000 00722nam a22002297a 4500
001 81927
003 UA-OsUOA
005 20201022100435.0
007 ta
008 20120210b un ||||| |||| 00| 0 ukr d
040 _aUA-OsUOA
_brus
_cUA-OsUOA
_dUA-OsUOA
041 _arus
080 _a821.161.1
090 _a821.161.1
_bД70
100 _aДостоевский Ф. М.
245 _aПолное собрание сочинений в тридцати томах
_bхудожественные произведения
_n14
260 _aЛенинград
_bНаука
_c1976
300 _a510 с.
650 7 _a82 Література. Літературознавство
_2UDC
942 _cBK
_2udc
955 _a3
999 _c368232
_d368232